Fr. Conceicao Rodrigues College of Engineering

Fedora 7 and RedHat enterprise Linux (Record no. 29302)

MARC details
000 -LEADER
fixed length control field 00340nam a2200157Ia 4500
082 ## - DEWEY DECIMAL CLASSIFICATION NUMBER
Classification number 005.133/NEG
Item number NEG
100 ## - MAIN ENTRY--PERSONAL NAME
Personal name Negus/Christopher
245 ## - TITLE STATEMENT
Title Fedora 7 and RedHat enterprise Linux
260 ## - PUBLICATION, DISTRIBUTION, ETC.
Name of publisher, distributor, etc. Wiley India
Date of publication, distribution, etc. 2007
366 ## - TRADE AVAILABILITY INFORMATION
Publishers's discount category 20
300 ## - PHYSICAL DESCRIPTION
Extent 1086
546 ## - LANGUAGE NOTE
Language note ENGLISH
650 ## - SUBJECT ADDED ENTRY--TOPICAL TERM
Topical term or geographic name entry element Fedora
654 ## - SUBJECT ADDED ENTRY--FACETED TOPICAL TERMS
Focus term fedora7
942 ## - ADDED ENTRY ELEMENTS (KOHA)
Koha item type BOOK
Holdings
Withdrawn status Lost status Damaged status Not for loan Collection Home library Current library Shelving location Date acquired Source of acquisition Cost, normal purchase price Total Checkouts Full call number Barcode Date last seen Cost, replacement price Price effective from Koha item type
        CRC Fr. Agnel's C.Rodrigues College of Engineering Fr. Agnel's C.Rodrigues College of Engineering   17/03/2023 Professional Book House. 579.00   005.133/NEG NEG 18015 17/03/2023 599.00   BOOK